| 000 | 00878nam a22002177a 4500 | ||
|---|---|---|---|
| 005 | 20200104041629.0 | ||
| 008 | 141108b2004 ck |||||r||||a00| 0 spa d | ||
| 040 |
_aCO-BoIAVH _cCO-BoIAVH |
||
| 041 | _aspa | ||
| 044 | _ack | ||
| 082 | 0 | 4 |
_a630 _bJ37m |
| 111 | 2 |
_aEncuentros Internacionales Académicos 50 años del Jardín Botánico José Celestino Mutis _cBogotá, Colombia) _d(2005 : _931768 |
|
| 245 | 1 | 0 | _aMemorias de los Encuentros Internacionales Académicos 50 años del Jardín Botánico José Celestino Mutis |
| 260 |
_aBogotá: _bardín Botánico José Celestino Mutis, _c2005. |
||
| 300 |
_a86 p. _bil. _c24 cm. |
||
| 650 | 6 |
_aAgricultura _xcultivos _931769 |
|
| 650 | 6 |
_aArborización urbana _vCongresos, conferencias, etc. _931771 |
|
| 650 | 6 |
_aEducación ambiental _9162 |
|
| 650 | 6 |
_931770 _aAgricultura urbana _vCongresos, conferencias, etc.. |
|
| 942 |
_2ddc _cLIBRO |
||
| 999 |
_c8768 _d8768 |
||